000 00305nam a2200133Ia 4500
005 20251222155049.0
008 251222s9999||||xx |||||||||||||| ||spa||
082 _aETI.120
100 _aCASSIDY Sbeila.
245 0 _aCompartir las tinieblas
250 _a1ra. ed.
264 _bSalterrae
942 _cLIB
999 _c37225
_d37225